000 01274cam a2200313 a 4500
001 12239045
003 ARRUPE
005 20131003172149.0
008 001124s2001 mnu b 001 0 eng
010 _a 00067165
020 _a081466184X (alk. paper)
040 _aDLC
_cDLC
_dDLC
050 0 0 _aBT575
_b.H35 2001
100 1 _aHall, Jerome M.,
_d1950-
_92072
245 1 0 _aWe have the mind of Christ :
_bthe Holy Spirit and liturgical memory in the thought of Edward J. Kilmartin /
_cJerome M. Hall.
260 _aCollegeville, Minn. :
_bLiturgical Press,
_cc2001.
300 _axix, 177 p. ;
_c23 cm.
500 _a"A Pueblo book."
504 _aIncludes bibliographical references (p. 167-174) and index.
600 1 0 _aKilmartin, Edward J.
_92073
600 0 0 _aJesus Christ
_xPresence.
_92074
610 2 0 _aCatholic Church
_xLiturgy
_xTheology.
_92075
610 2 0 _aCatholic Church
_xDoctrines.
_92076
650 0 _aJesus Christ in the liturgy
_xCatholic Church.
_92077
650 0 _aHoly Spirit.
_92078
906 _a7
_bcbc
_corignew
_d1
_eocip
_f19
_gy-gencatlg
942 _2lcc
_cMONOGRAPH
999 _c118239
_d118239